Caracas - Choix multiples - Statistiques

Statistiques générales
  • Ce quiz a été pris 19 fois
  • Le résultat moyen est 5 sur 10
Statistiques - réponses
Question Réponse % Correct
Quel homme d'État originaire de Caracas est considéré comme étant le libérateur et le héro de l'indépendance de l'Amérique du Sud ? Simón Bolívar
94%
Quel est le nom complet de la ville de Caracas ? Santiago de León de Caracas
75%
Durant la première partie du XXe siècle, quel est la principale ressource ayant permis à Caracas de devenir un centre économique des plus importants en Amérique latine ? Pétrole
69%
En quelle année Caracas a-t-elle été fondée ? 1567
56%
Pour quel raison l'ancien maire de Caracas Antonio Ledezma a-t-il été arrêté en 2015 ? Accusation de complot contre le régime de Nicolás Maduro
56%
Quel est la particularité de la Cité universitaire de Caracas ? Elle est classée au patrimoine mondiale de l'UNESCO
56%
Quel est le nom du plus grand centre commercial de Caracas ? Tamanaco
38%
Dans quelle discipline, l'athlète caracassienne Yulimar Rojas a-elle battu le record du monde féminin en 2022 ? Triple saut
38%
Laquelle de ces affirmation sur la ville de Caracas est fausse ? Elle borde l'océan Atlantique
31%
Laquel de ces photos représente la ville de Caracas
25%
Aucun quiz correspondant
Distribution des résultats
% des personnes avec chaque résultat
Percentile par nombre de réponses
Votre historique - résultats
Vous n’avez pas pris ce quiz